The loss of Leon Meed : a novel (Record no. 57337)

MARC details
000 -LEADER
fixed length control field 00670nam a2200241Ia 4500
008 - FIXED-LENGTH DATA ELEMENTS--GENERAL INFORMATION
fixed length control field 191130s2005##################000#0#eng##
020 ## - INTERNATIONAL STANDARD BOOK NUMBER
ISBN 9780743267199
082 ## - DEWEY DECIMAL CLASSIFICATION NUMBER
Classification number 813.6 EMM
100 ## - MAIN ENTRY--AUTHOR NAME
Personal name Emmons, Josh
245 ## - TITLE STATEMENT
Title The loss of Leon Meed : a novel
Statement of responsibility, etc Josh Emmons
260 ## - PUBLICATION, DISTRIBUTION, ETC. (IMPRINT)
Place of publication New York
Name of publisher Scribner
Year of publication c2005
300 ## - PHYSICAL DESCRIPTION
Number of Pages 338 p. ; 24 cm
650 ## - SUBJECT ADDED ENTRY--TOPICAL TERM
Topical Term English Fiction
Topical Term Eureka (Calif.) - Fiction
Topical Term Loss (Psychology) - Fiction
Topical Term Missing persons - Fiction
Topical Term Older men - Fiction
991 ## -
-- 337703
Holdings
Withdrawn status Lost status Damaged status Not for loan Home library Current library Date acquired Full call number Accession Number Price effective from Koha item type
        Anna Centenary Library Anna Centenary Library 09.10.2020 813.6 EMM 447328 09.10.2020 English Books

Find us on the map